000 00290nam a22001337a 4500
008 170802b xxu||||| |||| 00| 0 eng d
020 _a0805332014
041 _aeng
080 _a004
100 _a32
101 _aSHKI
245 _aCRAFTING A COMPILER
_cFISCHER, CH,N
942 _2udc
_cBK
999 _c22533
_d22533